000 00344 a2200121 4500
001 ART_6744
005 20260410161826.0
008 260409a
245 1 0 _aEl consumo de hortalizas orgánicas
100 1 _aRodriguez, Elsa
700 1 _aLupín, Beatriz
773 0 _tFACES
_g- Año 15, Nº 32/33 (ene./dic. 2009)
_wREV5046
999 _c22829
_d22829